Language Quiz

Random Language or Country Quiz

Word Hourglass VII Quiz Stats

 Plays Quiz Updated May 20, 2015

Score 0/11 Timer 02:00
9 Plays Today
Clue Word % Correct
Booker ___ WashingtonT
97.1%
Remove knots in shoelacesUNTIE
96.1%
First word of 3rd most populous countryUNITED
95.4%
Alien who visits ElliottET
94.9%
Direction of sunriseEAST
94.3%
Butterfly catcherNET
92.9%
Rested in a chairSAT
91.4%
Second word of 3rd most populous countrySTATES
91.2%
TV's 'Nick ___ (see above)'AT
83.4%
TV's 'Nick (see below) ___'NITE
69.7%
An owned item of valueASSET
41.4%

You're not logged in!

Compare scores with friends on all Sporcle quizzes.
OR
Log In

You Might Also Like...

Show Comments

Extras

Top Quizzes Today


Score Distribution

Your Account Isn't Verified!

In order to create a playlist on Sporcle, you need to verify the email address you used during registration. Go to your Sporcle Settings to finish the process.

Report this User

Report this user for behavior that violates our Community Guidelines.

Details: